| 000 | 01762cam a2200481 a 4500 | ||
|---|---|---|---|
| 001 | 22061 | ||
| 003 | VRT | ||
| 005 | 20260318105345.0 | ||
| 008 | 240318s2005 xo g 000 d slo c | ||
| 015 | _aSNBA2006/02-01042 | ||
| 020 |
_a8055109958 _q(brožované) |
||
| 035 | _aAFBFA83A-DF91-4FF5-8B2F-E9C95C6B0233 | ||
| 035 | _aurn:nbn:sk:snk-amje3i | ||
| 035 | _aurn:nbn:sk:snk-am000yf9 | ||
| 039 | 9 |
_a202403181520 _bVLOAD _c202003241104 _dmaubb02 _c201607172110 _dcsnk01 _c201508271310 _dVLOAD |
|
| 040 |
_aSNK _bslo _cSNK _dAUBB _eAACR2 |
||
| 041 | 1 |
_aslo _heng |
|
| 044 |
_axo _cSK |
||
| 072 | 7 |
_a821.111-2 _xAnglická dráma, anglicky písaná _2konspekt |
|
| 080 |
_a821.111-2 _22011 |
||
| 080 |
_a(0:82-2) _22011 |
||
| 080 |
_a(0:82-22) _22011 |
||
| 100 | 1 |
_aShakespeare, William, _d1564-1616 _4aut |
|
| 240 | 1 | 2 |
_aA midsummer night's dream _lSlovensky |
| 245 | 1 | 0 |
_aSen svätojánskej noci _cWilliam Shakespeare; [z anglického originálu preložil a sprievodné texty napísal Ľubomír Feldek] |
| 260 |
_aBratislava _bIkar _c2005 |
||
| 300 |
_a117 s. _c20 cm |
||
| 504 | _aEd. pozn. | ||
| 655 | 7 |
_adivadelné hry _2SNKPH |
|
| 655 | 7 |
_aanglické drámy _2SNKPH |
|
| 655 | 7 |
_adivadelné komédie _2SNKPH |
|
| 655 | 7 |
_aEnglish drama _2SNKPHeng |
|
| 655 | 7 |
_aTheatre plays _2SNKPHeng |
|
| 655 | 7 |
_aComedies _2SNKPHeng |
|
| 700 | 1 |
_aFeldek, Ľubomír, _d1936- _4trl |
|
| 942 |
_2ddc _cKLDO _n0 |
||
| 949 |
_617A0493679 _asnkSD 75290 D1 _bsnk2006/26 _o2475/05 _s6100:20210923 |
||
| 949 |
_6369701000016182 _aaubbD 11830 _baubbD11830 |
||
| 949 |
_6273K0491123 _asvkpoA 192515 _bsvkpo480572 |
||
| 949 |
_62889044663 _asavukM 105637 _bsavuk2006/1762 |
||
| 949 |
_617A0493678 _asnkSD 75290 _bsnk2006/25 _o2475/05 |
||
| 999 |
_c22061 _d22061 |
||